UBT Library

The language of the Constitution : (Record no. 44644)

000 -LEADER
fixed length control field 00960cam a2200241 a 4500
001 - CONTROL NUMBER
control field 2960906
005 - DATE AND TIME OF LATEST TRANSACTION
control field 20180310023857.0
008 - FIXED-LENGTH DATA ELEMENTS--GENERAL INFORMATION
fixed length control field 910718s1991 nyu b 001 0 eng
010 ## - LIBRARY OF CONGRESS CONTROL NUMBER
LC control number 91029197
020 ## - INTERNATIONAL STANDARD BOOK NUMBER
International Standard Book Number 0313282021 (alk. paper)
040 ## - CATALOGING SOURCE
Original cataloging agency DLC
Transcribing agency DLC
Modifying agency DLC
041 ## - LANGUAGE CODE
Language code of text/sound track or separate title eng
043 ## - GEOGRAPHIC AREA CODE
Geographic area code n-us---
080 ## - UNIVERSAL DECIMAL CLASSIFICATION NUMBER
Universal Decimal Classification number 342.7302
082 00 - DEWEY DECIMAL CLASSIFICATION NUMBER
Classification number 342.7302 GRE
-- 347.3022014
Edition number 20
100 1# - Rafti
Rafti 14
101 ## - Shkurtesa
Shkurtesa SHJ
245 14 - TITLE STATEMENT
Title The language of the Constitution :
Statement of responsibility, etc Thurston Greene ; foreword by Warren E. Burger ; Stuart B. Flexner, editor-in-chief ... [et al.].
504 ## - BIBLIOGRAPHY, ETC. NOTE
Bibliography, etc Includes bibliographical references (p. [xxvii]-xxviii) and index.
906 ## - LOCAL DATA ELEMENT F, LDF (RLIN)
a 7
b cbc
c orignew
d 1
e ocip
f 19
g y-gencatlg
942 ## - ADDED ENTRY ELEMENTS (KOHA)
Source of classification or shelving scheme
Item type Books
Holdings
Withdrawn status Lost status Source of classification or shelving scheme Damaged status Not for loan Collection code Permanent location Current location Shelving location Date acquired Total Checkouts Full call number Barcode Date last seen Price effective from Koha item type
          Koleksioni i përgjithshem UBT - Lipjan UBT - Lipjan Koleksioni i lëndeve mesimore 03/10/2018   342.7302 GRE 002-3001368 03/10/2018 03/10/2018 Books
UBT Library © 2015-2024. All rights reserved University Education for Business and Technology